00465 2200193 4500001002100000005001500021035002000036008004100056245004600097100001500143250000600158260003600164300001100200084001400211082000800225650001400233990001200247990001200259INLIS00000000000039820240430015929 a0010-0424000374240430 0 ind 1 aSelayang Pandang Jawa Timur /cM. Purwati aM. Purwati a1 aKlaten :bIntan Pariwara,c2008 a60 hlm a900 PUR s a900 4aNon Fiksi a0728635 a0728636